Richest Landlocked Countries - Statistics

General Stats
  • This quiz has been taken 63 times
  • The average score is 8 of 11
Answer Stats
GDP (USD) Country % Correct
374,056,000 Austria
91%
664,738,000 Switzerland
91%
181,811,000 Czech Republic
85%
120,687,000 Hungary
85%
86,582,000 Slovakia
83%
36,513,000 Serbia
78%
57,794,000 Luxembourg
70%
54,609,000 Belarus
65%
184,361,000 Kazakhstan
65%
11,324,000 Macedonia
48%
11,644,000 Armenia
26%
No matching quizzes found
Score Distribution
Percent of People with Each Score
Percentile by Number Answered
Your Score History
You have not taken this quiz